000 01759nam a2200397 c 4500
001 57841
003 CO-BoRNBP
005 20250731164421.0
007 ta
008 141006s2012 ck a|||br||| 00| 0jsspadd
020 _a9789589159699
040 _aCO-BoRNBP
_bspa
_erda
_cCO-BoRNBP
041 1 _aspa
_hfre
084 _aC
100 _aXuntao, Hong
_eaut
_961776
245 1 3 _aEl pincel mágico /
_cun cuento chino de Hong Xuntao ; adaptado por Françoise Jay, ilustrado por Zhong Jie.
250 _aPrimera edición
_bEdición especial para el Ministerio de Cultura
264 1 _aBogotá, Colombia :
_bJuventud,
_c2012
300 _a[49] páginas sin numerar :
_bilustraciones a color
336 _atexto
_btxt
_2rdacontenido
337 _asin mediación
_bn
_2rdamedio
338 _avolumen
_bnc
_2rdasoporte
490 0 _aLeer es mi cuento
520 _aChen soñaba con ser pintor. Su familia era pobre y no podía comprar pinturas ni tampoco comprar un pincel. Pero Chen persiguió su sueño, y un día su obstinación se vio recompensada con el regalo de un anciano: ¡un pincel mágico!
521 _aRecomendado para niños desde los 6 años
534 _tLe pinceau magique
600 1 7 _aXuntao, Hong
_vadaptaciones literarias
_961777
650 0 7 _aAmbición en la literatura
_2lemb
_961778
650 0 7 _aCuentos infantiles franceses
_ysiglo xx
_2lemb
_91783
650 0 7 _aLiteratura infantil francesa
_ysiglo xx
_2lemb
_91784
650 0 7 _aMagia en la literatura
_2lemb
_9859
700 _aJie, Zhong
_eill
_937720
700 1 _aJay, François
_eadp
_961779
830 0 _aColección para la Primera Infancia del Ministerio de Cultura, Plan Nacional de Lectura y Escritura Leer es mi cuento, Primera Infancia 2012
_961780
942 _2loc
_cBKLITI
999 _c57841
_d57841